000 01020cam a2200289 4500
001 21449
003 BD-RjUL
005 20211209000703.0
008 140304r19871974nyua b 001 0 eng
020 _a0070428646
035 _a(BD-RjUL)21513
040 _aDLC
_cDLC
_dm.c.
_dBD-RjUL
_beng
041 _aeng
082 _a519.5
_bMOI 1987
100 1 _aMood, Alexander McFarlane,
_d1913-
_966271
245 1 0 _aIntroduction to the theory of statistics /
_c Alexander M. Mood, Franklin A. Graybill, Duane C. Boes.
250 _a3rd ed.
260 _aNew York :
_bMcGraw-Hill,
_cc1963, c1974 [Printing 1987].
300 _axvi, 564 p. :
_bill. ;
_c24 cm.
490 1 _aMcGraw-Hill series in probability and statistics
504 _aBibliography : p. [544]-547 and index.
650 0 _aMathematical statistics.
_966272
700 1 _aGraybill, Franklin A. , jt. auth.
_966273
700 1 _aBoes, Duane C. , jt. auth.
_966274
830 0 _aMcGraw-Hill series in probability and statistics.
_9220800
942 _2ddc
_cBK
_04
999 _c21449
_d21449